[Event "Xtracon Skakligaen"]
[Site "Denmark"]
[Date "2017.01.29"]
[Round "6.7"]
[White "Ramsdal, Jens Albert"]
[Black "Christensen, Jan Schleicher"]
[Result "1-0"]
[WhiteElo "2201"]
[BlackElo "2179"]
[PlyCount "95"]
[EventDate "2016.10.29"]
[EventType "team-tourn"]
[EventRounds "9"]
[EventCountry "DEN"]
[WhiteTeam "SK 68 1"]
[BlackTeam "Nordre 1"]
[WhiteTeamCountry "DEN"]
[BlackTeamCountry "DEN"]

1. e4 e5 2. Nf3 Nc6 3. Bc4 Bc5 4. c3 Nf6 5. d3 d6 6. O-O a6 7. h3 Ba7 8. Bb3 h6
9. Be3 Qe7 10. Nbd2 g5 11. Nh2 Rg8 12. Ng4 Nxg4 13. hxg4 h5 14. Bxa7 Nxa7 15.
f3 Be6 16. gxh5 g4 17. Bxe6 fxe6 18. fxg4 Qh4 19. Qf3 O-O-O 20. Qh3 Rxg4 21.
Qxh4 Rxh4 22. Rf6 Rxh5 23. Rxe6 d5 24. Nf3 Rdh8 25. Kf2 dxe4 26. dxe4 Nc6 27.
Rd1 Rf8 28. Rd5 Rh4 29. Re8+ Rxe8 30. Nxh4 Nd8 31. Nf3 Nf7 32. g4 c6 33. Rd2
Rg8 34. Kg3 Kc7 35. Rh2 Kb6 36. Rh5 Re8 37. Rf5 Nd6 38. Rxe5 Rxe5 39. Nxe5
Nxe4+ 40. Kf4 Nf6 41. g5 Ne8 42. Nd7+ Kc7 43. Nf6 Ng7 44. Ke5 a5 45. g6 b5 46.
Ne4 Nh5 47. Nc5 b4 48. Ne6+ 1-0

[Event "Xtracon Skakligaen"]
[Site "Denmark"]
[Date "2017.01.29"]
[Round "6.8"]
[White "Holst, Per"]
[Black "Sorensen, Torben Kyhl"]
[Result "1-0"]
[WhiteElo "2085"]
[BlackElo "2164"]
[PlyCount "131"]
[EventDate "2016.10.29"]
[EventType "team-tourn"]
[EventRounds "9"]
[EventCountry "DEN"]
[WhiteTeam "Nordre 1"]
[BlackTeam "SK 68 1"]
[WhiteTeamCountry "DEN"]
[BlackTeamCountry "DEN"]

1. d4 Nf6 2. c4 g6 3. Nc3 d5 4. Nf3 Bg7 5. Bg5 Ne4 6. cxd5 Nxg5 7. Nxg5 e6 8.
Nf3 exd5 9. e3 O-O 10. b4 a5 11. b5 c5 12. bxc6 bxc6 13. Rc1 a4 14. Bd3 c5 15.
dxc5 d4 16. exd4 Re8+ 17. Be2 Nc6 18. O-O Bg4 19. Nb5 Rb8 20. h3 Bxf3 21. Bxf3
Nxd4 22. Nxd4 Bxd4 23. Rc4 Bf6 24. Rxa4 Qc8 25. c6 Rd8 26. Qc1 Qc7 27. Qc5 Ra8
28. Qc4 Rxa4 29. Qxa4 Rd2 30. Rd1 Qe5 31. g3 Qc3 32. Rxd2 Qxd2 33. Qd1 Qc3 34.
Bd5 Bd4 35. Kg2 Bb6 36. Qe2 Kf8 37. Qf3 Qxf3+ 38. Kxf3 Ke7 39. Ke2 f6 40. f3
Kd6 41. Bg8 h6 42. Bf7 g5 43. Be8 Bc7 44. g4 Kd5 45. Kd3 Bd8 46. Bf7+ Kxc6 47.
Ke4 Kc5 48. Kf5 Kd4 49. a4 Ke3 50. Bd5 Kf2 51. Ke6 Kg3 52. Kd7 Ba5 53. Kc6 Kxh3
54. Kb5 Be1 55. a5 Kh4 56. a6 Bf2 57. Be4 h5 58. Bf5 Be3 59. Kc6 Kg3 60. gxh5
Kxf3 61. h6 g4 62. h7 g3 63. Bh3 g2 64. Bxg2+ Kxg2 65. h8=Q f5 66. Kd5 1-0

[Event "Xtracon Skakligaen"]
[Site "Denmark"]
[Date "2017.01.29"]
[Round "6.1"]
[White "Sorensen, Jan"]
[Black "Andersen, Mads"]
[Result "0-1"]
[WhiteElo "2423"]
[BlackElo "2542"]
[PlyCount "80"]
[EventDate "2016.10.29"]
[EventType "team-tourn"]
[EventRounds "9"]
[EventCountry "DEN"]
[WhiteTeam "Aarhus/Skolerne 1"]
[BlackTeam "Team Nordea Skanderborg 1"]
[WhiteTeamCountry "DEN"]
[BlackTeamCountry "DEN"]

1. e4 c5 2. Nf3 d6 3. Nc3 Nf6 4. d4 cxd4 5. Nxd4 a6 6. f4 e6 7. Be2 Be7 8. O-O
Qc7 9. Kh1 O-O 10. Qe1 b5 11. Bf3 Bb7 12. e5 Ne8 13. a3 Nc6 14. Nxc6 Bxc6 15.
b3 Rc8 16. Bb2 a5 17. Ne4 d5 18. Ng3 b4 19. a4 Bb7 20. Rc1 Qb6 21. Qd2 Bc5 22.
Rce1 Ba6 23. Be2 g6 24. Bxa6 Qxa6 25. f5 exf5 26. Qh6 Rc6 27. Rf4 Be7 28. Re3
g5 29. e6 gxf4 30. Qxf4 fxe6 31. Nh5 e5 32. Rxe5 Rf7 33. h3 Rg6 34. Qf3 f4 35.
Nxf4 Rgf6 36. Rg5+ Ng7 37. Rxg7+ Rxg7 38. Qxd5+ Kh8 39. Bxf6 Qf1+ 40. Kh2 Qxf4+
0-1

[Event "Xtracon Skakligaen"]
[Site "Denmark"]
[Date "2017.01.29"]
[Round "6.2"]
[White "Semcesen, Daniel"]
[Black "Skytte, Rasmus"]
[Result "1-0"]
[WhiteElo "2469"]
[BlackElo "2398"]
[PlyCount "101"]
[EventDate "2016.10.29"]
[EventType "team-tourn"]
[EventRounds "9"]
[EventCountry "DEN"]
[WhiteTeam "Team Nordea Skanderborg 1"]
[BlackTeam "Aarhus/Skolerne 1"]
[WhiteTeamCountry "DEN"]
[BlackTeamCountry "DEN"]

1. d4 Nf6 2. c4 e6 3. Nc3 Bb4 4. Qc2 Nc6 5. Nf3 d6 6. Bd2 O-O 7. a3 Bxc3 8.
Bxc3 Qe7 9. e3 e5 10. d5 Nb8 11. Be2 Bg4 12. h3 Bh5 13. O-O c6 14. dxc6 Nxc6
15. b4 Bg6 16. Qb3 Ne4 17. Bb2 a5 18. Rfd1 a4 19. Qa2 Kh8 20. Rac1 b6 21. Nd2
Nxd2 22. Rxd2 f6 23. Rcd1 Rfd8 24. Bc3 Bf7 25. b5 Na5 26. Bxa5 Rxa5 27. Qb2 d5
28. cxd5 h6 29. e4 Raa8 30. Rc1 f5 31. Bf3 Qg5 32. Rc7 Rf8 33. Qc3 Rad8 34. Qe3
Qxe3 35. fxe3 fxe4 36. Bxe4 Be8 37. Rc6 Bxc6 38. bxc6 Rd6 39. Rb2 g6 40. Rxb6
Kg7 41. Ra6 Kf6 42. Rxa4 Rb8 43. Ra6 Ke7 44. Ra7+ Kf6 45. Bf3 e4 46. Bxe4 Re8
47. Ra4 Ke5 48. Bf3 Rb8 49. Re4+ Kf6 50. Rc4 Rc8 51. Kf2 1-0

[Event "Xtracon Skakligaen"]
[Site "Denmark"]
[Date "2017.01.29"]
[Round "6.3"]
[White "Rasmussen, Karsten"]
[Black "Hansen, Mads"]
[Result "1-0"]
[WhiteElo "2447"]
[BlackElo "2452"]
[PlyCount "93"]
[EventDate "2016.10.29"]
[EventType "team-tourn"]
[EventRounds "9"]
[EventCountry "DEN"]
[WhiteTeam "Aarhus/Skolerne 1"]
[BlackTeam "Team Nordea Skanderborg 1"]
[WhiteTeamCountry "DEN"]
[BlackTeamCountry "DEN"]

1. d4 d5 2. c4 c6 3. Nc3 Nf6 4. cxd5 cxd5 5. Bf4 Nc6 6. e3 a6 7. Bd3 Bg4 8.
Nge2 e6 9. Rc1 Bd6 10. Qb3 O-O 11. O-O Na5 12. Qc2 Rc8 13. Bxd6 Qxd6 14. Ng3
Nc6 15. Na4 h5 16. Qc5 Qxc5 17. Nxc5 h4 18. Ne2 Nb4 19. f3 Rxc5 20. Rxc5 Nxd3
21. Rc7 Bf5 22. Rxb7 Rc8 23. g4 Rc2 24. Nf4 Nxf4 25. exf4 Bd3 26. Rf2 Rc1+ 27.
Kg2 Ne8 28. Rb8 Kf8 29. Kh3 Ke7 30. Rb7+ Kf6 31. Kxh4 Nd6 32. Rb6 Nc4 33. Rxa6
Rg1 34. Ra7 Kg6 35. b4 Bf1 36. b5 Ne3 37. Rb2 f5 38. Ra6 fxg4 39. Rxe6+ Kf5 40.
Rxe3 Kxf4 41. Re1 gxf3 42. Rxf1 Rg4+ 43. Kh3 Rg6 44. Rxf3+ Kxf3 45. Rb3+ Ke4
46. b6 Rh6+ 47. Kg4 1-0

[Event "Xtracon Skakligaen"]
[Site "Denmark"]
[Date "2017.01.29"]
[Round "6.5"]
[White "Ochsner, Thomas"]
[Black "Pedersen, Nicolai Vesterbaek"]
[Result "1/2-1/2"]
[WhiteElo "2309"]
[BlackElo "2371"]
[PlyCount "26"]
[EventDate "2016.10.29"]
[EventType "team-tourn"]
[EventRounds "9"]
[EventCountry "DEN"]
[WhiteTeam "Aarhus/Skolerne 1"]
[BlackTeam "Team Nordea Skanderborg 1"]
[WhiteTeamCountry "DEN"]
[BlackTeamCountry "DEN"]

1. e4 e5 2. Nf3 Nc6 3. Bc4 Bc5 4. O-O Nf6 5. d3 O-O 6. c3 d6 7. Bb3 a6 8. Nbd2
Ba7 9. h3 Ne7 10. Re1 Ng6 11. Nf1 c6 12. Ng3 Be6 13. d4 Re8 1/2-1/2

[Event "Xtracon Skakligaen"]
[Site "Denmark"]
[Date "2017.01.29"]
[Round "6.6"]
[White "Pedersen, Steffen"]
[Black "Rendboe, John Filip"]
[Result "1-0"]
[WhiteElo "2375"]
[BlackElo "2160"]
[PlyCount "59"]
[EventDate "2016.10.29"]
[EventType "team-tourn"]
[EventRounds "9"]
[EventCountry "DEN"]
[WhiteTeam "Team Nordea Skanderborg 1"]
[BlackTeam "Aarhus/Skolerne 1"]
[WhiteTeamCountry "DEN"]
[BlackTeamCountry "DEN"]

1. d4 Nf6 2. Nf3 d5 3. c4 e6 4. g3 g6 5. Bg2 Bg7 6. O-O O-O 7. Nc3 Ne4 8. Qb3
c6 9. Bf4 Nd7 10. Rad1 Nxc3 11. Qxc3 Qb6 12. c5 Qa6 13. Rd3 b6 14. cxb6 axb6
15. Qxc6 Qxa2 16. Bd6 Re8 17. Ne5 Qa4 18. Rc3 Nxe5 19. dxe5 Bd7 20. Qxb6 Ra6
21. Qc7 Ra7 22. Qb6 Ra6 23. Qc7 Ra7 24. Qc5 Ra5 25. Qa3 Qb5 26. Qb3 Qxe2 27.
Rc7 Bb5 28. Qc3 Ra2 29. Rb7 Qc4 30. Qf3 1-0

[Event "Xtracon Skakligaen"]
[Site "Denmark"]
[Date "2017.01.29"]
[Round "6.7"]
[White "Mygind, Jesper"]
[Black "Bjerre, Jonas Buhl"]
[Result "1-0"]
[WhiteElo "1974"]
[BlackElo "2357"]
[PlyCount "75"]
[EventDate "2016.10.29"]
[EventType "team-tourn"]
[EventRounds "9"]
[EventCountry "DEN"]
[WhiteTeam "Aarhus/Skolerne 1"]
[BlackTeam "Team Nordea Skanderborg 1"]
[WhiteTeamCountry "DEN"]
[BlackTeamCountry "DEN"]

1. c4 c5 2. g3 Nf6 3. Bg2 g6 4. Nc3 Bg7 5. Nf3 O-O 6. O-O Nc6 7. d4 cxd4 8.
Nxd4 Ng4 9. e3 d6 10. b3 Nxd4 11. exd4 Nh6 12. Bb2 Nf5 13. Nd5 e6 14. Ne3 Nxe3
15. fxe3 Rb8 16. Qe2 h5 17. Rad1 b6 18. c5 d5 19. c6 b5 20. Rc1 Qb6 21. b4 f5
22. Rc5 Rf7 23. a3 Bf8 24. Rxd5 exd5 25. Bxd5 Qd8 26. e4 Bg7 27. Bxf7+ Kxf7 28.
d5 Qd6 29. Bxg7 Kxg7 30. Qb2+ Kg8 31. Qd4 fxe4 32. Rf6 Qe7 33. Rxg6+ Kh7 34. d6
Qf7 35. Rf6 Qc4 36. Qe3 Be6 37. Qh6+ Kg8 38. Qg5+ 1-0

[Event "Xtracon Skakligaen"]
[Site "Denmark"]
[Date "2017.01.29"]
[Round "6.8"]
[White "Bjerre, Tavs"]
[Black "Petersen, Jan Han"]
[Result "1-0"]
[WhiteElo "2085"]
[BlackElo "1933"]
[PlyCount "101"]
[EventDate "2016.10.29"]
[EventType "team-tourn"]
[EventRounds "9"]
[EventCountry "DEN"]
[WhiteTeam "Team Nordea Skanderborg 1"]
[BlackTeam "Aarhus/Skolerne 1"]
[WhiteTeamCountry "DEN"]
[BlackTeamCountry "DEN"]

1. d4 Nf6 2. c4 e6 3. Nc3 d5 4. cxd5 exd5 5. Bg5 c6 6. e3 Be7 7. Qc2 h6 8. Bh4
Nbd7 9. Bd3 O-O 10. Nge2 Re8 11. O-O c5 12. Bxf6 Nxf6 13. dxc5 Bxc5 14. Rfd1
Ng4 15. Bf5 Bxf5 16. Qxf5 Qh4 17. Qf4 Rxe3 18. h3 Rxc3 19. Nxc3 Bxf2+ 20. Kh1
h5 21. Rxd5 Be3 22. Qf3 Nf2+ 23. Kh2 Re8 24. Rxh5 Qb4 25. Rb5 Qd6+ 26. g3 Qd2
27. Qe2 Qd7 28. Rh5 g6 29. Rh4 Bc5 30. Qc2 Re3 31. Rf1 Rf3 32. Ne4 Nxe4 33.
Rxf3 Qd4 34. Rf1 f5 35. Rd1 Qe5 36. Qc4+ Kf8 37. Qb3 Ng5 38. Rd8+ Ke7 39. Rd2
b6 40. Qd3 Kf6 41. Qd8+ Be7 42. Qh8+ Ke6 43. Qxe5+ Kxe5 44. Re2+ Ne4 45. Rh7
Bd6 46. Rxa7 g5 47. Kg2 Kd4 48. Rd7 Ke5 49. Rxd6 Kxd6 50. Rxe4 fxe4 51. Kf2 1-0

[Event "Xtracon Skakligaen"]
[Site "Denmark"]
[Date "2017.01.29"]
[Round "6.1"]
[White "Rasmussen, Allan Stig"]
[Black "Hector, Jonny"]
[Result "1-0"]
[WhiteElo "2513"]
[BlackElo "2513"]
[PlyCount "81"]
[EventDate "2016.10.29"]
[EventType "team-tourn"]
[EventRounds "9"]
[EventCountry "DEN"]
[WhiteTeam "Jetsmark 1"]
[BlackTeam "Nordkalotten 1"]
[WhiteTeamCountry "DEN"]
[BlackTeamCountry "DEN"]

1. c4 e5 2. Nc3 Bb4 3. Nd5 a5 4. g3 Ne7 5. Nxb4 axb4 6. d4 exd4 7. Qxd4 O-O 8.
Bg2 Nbc6 9. Qd3 Ra5 10. Bd2 d5 11. cxd5 Bf5 12. Qc4 Nxd5 13. Nf3 Qf6 14. Qc1 b6
15. Bg5 Qe6 16. O-O Rc5 17. Qd2 h6 18. Rac1 Be4 19. Be3 Ra5 20. Rfd1 Nxe3 21.
Qxe3 Rxa2 22. Ng5 hxg5 23. Bxe4 Na5 24. Rxc7 Nc4 25. Qd4 b5 26. b3 Rxe2 27. Bd5
Re1+ 28. Kg2 Rxd1 29. Qxd1 Qe5 30. Rc5 Qe7 31. Rxb5 Ne5 32. Qd4 Ng6 33. Qxb4
Qd7 34. h3 Kh7 35. Be4 f5 36. Qxf8 fxe4 37. Qf5 Qc6 38. Rc5 Qa8 39. Qc8 Qa2 40.
Rxg5 Ne7 41. Qc3 1-0

[Event "Xtracon Skakligaen"]
[Site "Denmark"]
[Date "2017.01.29"]
[Round "6.2"]
[White "Brynell, Stellan"]
[Black "Thybo, Jesper Sondergaard"]
[Result "1/2-1/2"]
[WhiteElo "2450"]
[BlackElo "2358"]
[PlyCount "53"]
[EventDate "2016.10.29"]
[EventType "team-tourn"]
[EventRounds "9"]
[EventCountry "DEN"]
[WhiteTeam "Nordkalotten 1"]
[BlackTeam "Jetsmark 1"]
[WhiteTeamCountry "DEN"]
[BlackTeamCountry "DEN"]

1. d4 Nf6 2. Bg5 d5 3. e3 c5 4. Nc3 e6 5. Nf3 Nc6 6. dxc5 Bxc5 7. a3 O-O 8. Bd3
Be7 9. O-O h6 10. Bh4 b6 11. Qe2 Bb7 12. Rad1 Nd7 13. Bg3 Nc5 14. e4 dxe4 15.
Bxe4 Qc8 16. Rfe1 Bf6 17. Qe3 Re8 18. h3 Bxc3 19. Qxc3 Nxe4 20. Rxe4 Na5 21.
Re3 Qxc3 22. Rxc3 Rec8 23. Rxc8+ Rxc8 24. Ne1 Nc4 25. Rd7 Bc6 26. Rxa7 Nxb2 27.
Nd3 1/2-1/2

[Event "Xtracon Skakligaen"]
[Site "Denmark"]
[Date "2017.01.29"]
[Round "6.3"]
[White "Jensen, Bjarke"]
[Black "Sylvan, Jacob"]
[Result "1/2-1/2"]
[WhiteElo "2320"]
[BlackElo "2371"]
[PlyCount "103"]
[EventDate "2016.10.29"]
[EventType "team-tourn"]
[EventRounds "9"]
[EventCountry "DEN"]
[WhiteTeam "Jetsmark 1"]
[BlackTeam "Nordkalotten 1"]
[WhiteTeamCountry "DEN"]
[BlackTeamCountry "DEN"]

1. e4 c5 2. Nf3 e6 3. b3 a6 4. Bb2 Nc6 5. g3 d5 6. exd5 exd5 7. Bg2 Qe7+ 8. Qe2
Nb4 9. Qxe7+ Nxe7 10. Kd1 Bf5 11. d3 c4 12. Na3 cxd3 13. c3 Nbc6 14. Nh4 Be6
15. f4 O-O-O 16. Kd2 Nf5 17. Nxf5 Bxf5 18. Rae1 Bc5 19. Bf3 Rhe8 20. Rxe8 Rxe8
21. Re1 Rxe1 22. Kxe1 Be4 23. Bg4+ f5 24. Bd1 Be3 25. Nb1 b5 26. Nd2 g6 27. Nf3
Kd7 28. Ba3 a5 29. Bb2 h6 30. h4 Ke6 31. h5 gxh5 32. Nh4 d4 33. Bxh5 d2+ 34.
Kd1 Bb1 35. Nf3 Bxa2 36. Nxd2 dxc3 37. Bxc3 b4 38. Bg7 Nd4 39. Bxh6 Nxb3 40.
Nc4 Bf2 41. g4 a4 42. Ne5 fxg4 43. Bxg4+ Kf6 44. Bg5+ Kg7 45. f5 Nc5 46. f6+
Kg8 47. Bh5 Bd4 48. f7+ Bxf7 49. Bxf7+ Kg7 50. Nc6 Kxf7 51. Nxd4 Ne6 52. Nxe6
1/2-1/2

[Event "Xtracon Skakligaen"]
[Site "Denmark"]
[Date "2017.01.29"]
[Round "6.4"]
[White "Kristensen, Kaare Hove"]
[Black "Wiwe, Andreas"]
[Result "1/2-1/2"]
[WhiteElo "2383"]
[BlackElo "2288"]
[PlyCount "138"]
[EventDate "2016.10.29"]
[EventType "team-tourn"]
[EventRounds "9"]
[EventCountry "DEN"]
[WhiteTeam "Nordkalotten 1"]
[BlackTeam "Jetsmark 1"]
[WhiteTeamCountry "DEN"]
[BlackTeamCountry "DEN"]

1. e4 e5 2. Nf3 Nc6 3. d4 exd4 4. Nxd4 Nf6 5. Nc3 Bb4 6. Nxc6 bxc6 7. Bd3 d5 8.
O-O O-O 9. e5 Ng4 10. Bf4 Re8 11. Re1 Bc5 12. Bg3 Rb8 13. h3 Nh6 14. Qh5 Bf8
15. Bf4 g6 16. Qf3 Nf5 17. Rab1 Be6 18. Ne2 c5 19. c3 Qd7 20. b3 Nh4 21. Qg3
Nf5 22. Qf3 Nh4 23. Qg3 Nf5 24. Bxf5 Bxf5 25. Rbd1 a5 26. c4 d4 27. Nc3 Bg7 28.
Nd5 Re6 29. Nf6+ Bxf6 30. exf6 Rxf6 31. Bxc7 Re8 32. Rxe8+ Qxe8 33. Bxa5 Re6
34. Qc7 Rc6 35. Qb7 Re6 36. Qd5 Bc2 37. Rc1 Re5 38. Qd6 Bf5 39. b4 Re1+ 40.
Rxe1 Qxe1+ 41. Kh2 d3 42. Qd8+ Kg7 43. bxc5 Qe5+ 44. g3 Be4 45. Qh4 g5 46. Qg4
h5 47. Qxh5 Qa1 48. Qxg5+ Kf8 49. g4 Qh1+ 50. Kg3 Qf3+ 51. Kh4 Qxf2+ 52. Kh5
Qd4 53. Qh6+ Kg8 54. Qd6 Qe3 55. Kh4 Bg6 56. Qd8+ Kh7 57. Qf6 d2 58. Bxd2 Qxd2
59. c6 Qe1+ 60. Kg5 Qe3+ 61. Kh4 Qc5 62. Kg3 Qxc4 63. a4 Qc5 64. h4 Qe3+ 65.
Qf3 Qe5+ 66. Qf4 Qc3+ 67. Qf3 Qe5+ 68. Qf4 Qc3+ 69. Qf3 Qe5+ 1/2-1/2

[Event "Xtracon Skakligaen"]
[Site "Denmark"]
[Date "2017.01.29"]
[Round "6.5"]
[White "Thogersen, Rasmus"]
[Black "Hove, Esben Kjems"]
[Result "0-1"]
[WhiteElo "2122"]
[BlackElo "2267"]
[PlyCount "111"]
[EventDate "2016.10.29"]
[EventType "team-tourn"]
[EventRounds "9"]
[EventCountry "DEN"]
[WhiteTeam "Jetsmark 1"]
[BlackTeam "Nordkalotten 1"]
[WhiteTeamCountry "DEN"]
[BlackTeamCountry "DEN"]

1. e4 e6 2. d4 d5 3. Nc3 dxe4 4. Nxe4 Bd7 5. Nf3 Bc6 6. Bd3 Nd7 7. c3 Ngf6 8.
Nxf6+ Nxf6 9. Bf4 Bd6 10. Ne5 Bxe5 11. Bxe5 Nd7 12. Bf4 g5 13. Be3 h6 14. h4
gxh4 15. Qh5 Bxg2 16. Rxh4 Bf3 17. Bg5 Bxh5 18. Bxd8 Rxd8 19. Rxh5 Ke7 20. Ke2
Nf6 21. Rc5 c6 22. b4 h5 23. a4 Rd5 24. Rxd5 cxd5 25. Rh1 Ne8 26. Ke3 Nd6 27.
Rh3 Ne8 28. Be2 Nf6 29. Bf3 Rc8 30. Kd3 b6 31. a5 bxa5 32. bxa5 Rc4 33. Bxh5
Ra4 34. Bd1 Rxa5 35. f3 Ne8 36. Rh8 Ra1 37. Bb3 Rf1 38. Ke2 Ra1 39. Kd3 a5 40.
Kc2 Rf1 41. Rh3 Rf2+ 42. Kd3 Nd6 43. c4 dxc4+ 44. Bxc4 a4 45. Ke3 Rb2 46. Bd3
a3 47. Rh8 Ne8 48. Rh5 Nf6 49. Ra5 Nd5+ 50. Ke4 Rb3 51. Ra7+ Kf6 52. f4 a2 53.
f5 Nc3+ 54. Kf4 Rb4 55. fxe6 fxe6 56. Bc2 0-1

[Event "Xtracon Skakligaen"]
[Site "Denmark"]
[Date "2017.01.29"]
[Round "6.6"]
[White "Pedersen, Daniel Vesterbaek"]
[Black "Wilbrandt, Simon Pil"]
[Result "1/2-1/2"]
[WhiteElo "2245"]
[BlackElo "2171"]
[PlyCount "84"]
[EventDate "2016.10.29"]
[EventType "team-tourn"]
[EventRounds "9"]
[EventCountry "DEN"]
[WhiteTeam "Nordkalotten 1"]
[BlackTeam "Jetsmark 1"]
[WhiteTeamCountry "DEN"]
[BlackTeamCountry "DEN"]

1. e4 c5 2. c3 d5 3. exd5 Qxd5 4. d4 g6 5. Nf3 Bg7 6. Na3 cxd4 7. Nb5 Na6 8.
Nfxd4 Nf6 9. Be3 Ng4 10. Bd2 O-O 11. Qf3 Qxf3 12. Nxf3 b6 13. Be2 Bb7 14. O-O
Rfd8 15. Rad1 Nc5 16. Bg5 Nf6 17. Rfe1 a6 18. Nbd4 Na4 19. Bc1 Ne4 20. Bc4 e5
21. Nc2 b5 22. Bf1 Rac8 23. Nb4 a5 24. Nc2 Rxd1 25. Rxd1 Nexc3 26. bxc3 Nxc3
27. Rd7 Bxf3 28. gxf3 Nxa2 29. Bxb5 Nxc1 30. Ne3 Bh6 31. Bc4 Kh8 32. Bxf7 Ne2+
33. Kf1 Nf4 34. Bc4 Rb8 35. Ke1 Rb1+ 36. Kd2 Rb2+ 37. Ke1 Bf8 38. Rd8 Kg7 39.
Rd7+ Kh8 40. Rd8 Kg7 41. Rd7+ Kh8 42. Rd8 Kg7 1/2-1/2

[Event "Xtracon Skakligaen"]
[Site "Denmark"]
[Date "2017.01.29"]
[Round "6.7"]
[White "Christensen, Stefan"]
[Black "Jakobsen, Peter"]
[Result "1/2-1/2"]
[WhiteElo "2269"]
[BlackElo "2201"]
[PlyCount "115"]
[EventDate "2016.10.29"]
[EventType "team-tourn"]
[EventRounds "9"]
[EventCountry "DEN"]
[WhiteTeam "Jetsmark 1"]
[BlackTeam "Nordkalotten 1"]
[WhiteTeamCountry "DEN"]
[BlackTeamCountry "DEN"]

1. e4 c5 2. Nf3 d6 3. Bc4 Nf6 4. d3 Nc6 5. c3 e6 6. Bb3 Be7 7. O-O O-O 8. Re1
h6 9. Nbd2 Bd7 10. Nf1 b5 11. Ng3 Ne5 12. d4 Nxf3+ 13. Qxf3 e5 14. dxe5 dxe5
15. Nf5 Bxf5 16. Qxf5 c4 17. Bc2 Bc5 18. Kh1 Re8 19. b4 Bb6 20. a4 bxa4 21.
Bxa4 Re6 22. Bc2 Ne8 23. f4 Qh4 24. g3 Qe7 25. Qh3 exf4 26. gxf4 Nd6 27. e5
Qb7+ 28. Qg2 Qxg2+ 29. Kxg2 f6 30. Be3 Bxe3 31. Rxe3 fxe5 32. fxe5 Rae8 33. Ra5
Nf7 34. Rxa7 Rxe5 35. Rxe5 Nxe5 36. Be4 Rd8 37. Rc7 Ng4 38. Kg3 Ne3 39. Rc5 Rd3
40. Bxd3 cxd3 41. Rc8+ Kf7 42. Rd8 d2 43. Rxd2 Nf1+ 44. Kf4 Nxd2 45. h3 Ke6 46.
Ke3 Nc4+ 47. Kd4 Nd6 48. c4 g5 49. b5 h5 50. b6 Kd7 51. c5 Nf5+ 52. Ke4 Ne7 53.
Ke5 Kc6 54. Ke4 Kb7 55. Ke5 Ng6+ 56. Kf5 g4 57. hxg4 hxg4 58. Kxg4 1/2-1/2

[Event "Xtracon Skakligaen"]
[Site "Denmark"]
[Date "2017.01.29"]
[Round "6.8"]
[White "Ejsing, Esben"]
[Black "Rosenkilde, Alexander"]
[Result "1/2-1/2"]
[WhiteElo "2203"]
[BlackElo "2240"]
[PlyCount "119"]
[EventDate "2016.10.29"]
[EventType "team-tourn"]
[EventRounds "9"]
[EventCountry "DEN"]
[WhiteTeam "Nordkalotten 1"]
[BlackTeam "Jetsmark 1"]
[WhiteTeamCountry "DEN"]
[BlackTeamCountry "DEN"]

1. d4 Nf6 2. Nf3 c5 3. c3 d5 4. g3 e6 5. Bg2 Nc6 6. O-O Be7 7. a3 b5 8. Nbd2
cxd4 9. Nxd4 Nxd4 10. cxd4 Qb6 11. Nb3 a5 12. Qc2 O-O 13. Bg5 h6 14. Bxf6 Bxf6
15. e3 b4 16. axb4 Qxb4 17. Nc5 Rd8 18. Ra4 Qb6 19. b4 Bd7 20. Rxa5 Bb5 21.
Rfa1 Rab8 22. Qc3 Bc4 23. R5a4 Qd6 24. f4 Bb5 25. Ra7 Qb6 26. Qa3 Be8 27. Rb1
g5 28. Ra6 Qc7 29. Ra7 Qb6 30. Bf3 Qb5 31. Kf2 Qb6 32. b5 Bxb5 33. Nd7 Rxd7 34.
Rxd7 Qc6 35. Qb2 Qxd7 36. Be2 gxf4 37. Bxb5 fxe3+ 38. Kxe3 Qa7 39. Qb4 e5 40.
Kd3 e4+ 41. Ke3 Qb6 42. Qc5 Qe6 43. Bd7 Bg5+ 44. Ke2 Qa6+ 45. Rb5 Qa2+ 46. Kf1
Ra8 47. Qb4 Qa1+ 48. Qb1 Qxd4 49. Rb8+ Rxb8 50. Qxb8+ Kg7 51. Qc7 Qd1+ 52. Kg2
Qf3+ 53. Kh3 Qf1+ 54. Kg4 Kg6 55. Qd6+ Bf6 56. Qxd5 Qf3+ 57. Kh3 Qf1+ 58. Kg4
Qf3+ 59. Kh3 Qf1+ 60. Kg4 1/2-1/2

[Event "Xtracon Skakligaen"]
[Site "Denmark"]
[Date "2017.01.29"]
[Round "6.1"]
[White "Schandorff, Lars"]
[Black "Jorgensen, Brian"]
[Result "1-0"]
[WhiteElo "2511"]
[BlackElo "2274"]
[PlyCount "80"]
[EventDate "2016.10.29"]
[EventType "team-tourn"]
[EventRounds "9"]
[EventCountry "DEN"]
[WhiteTeam "Hillerod 1"]
[BlackTeam "K41 1"]
[WhiteTeamCountry "DEN"]
[BlackTeamCountry "DEN"]

1. Nf3 Nf6 2. g3 c5 3. Bg2 Nc6 4. c4 e5 5. Nc3 g6 6. d3 Bg7 7. Bg5 h6 8. Bxf6
Qxf6 9. h4 O-O 10. Bh3 Qd8 11. e4 f5 12. Nd5 Ne7 13. Nxe7+ Qxe7 14. Qe2 b5 15.
Nd2 Bb7 16. O-O-O bxc4 17. dxc4 Rab8 18. f3 d5 19. cxd5 c4 20. Nb1 c3 21. Nxc3
Qd6 22. Kb1 Rfc8 23. Ka1 Ba6 24. Qc2 Rc4 25. Bf1 Rcb4 26. Rb1 Bc8 27. Bb5 fxe4
28. fxe4 Bg4 29. Bc6 h5 30. Rhf1 a6 31. Na4 Bf8 32. Rf2 Bh6 33. Rbf1 Bg7 34.
Rf7 Bh3 35. R1f2 Rd4 36. a3 Bg4 37. Qc5 Rd1+ 38. Ka2 Qd8 39. Qa7 Bh6 40. Rh7
Ra8 1-0

[Event "Xtracon Skakligaen"]
[Site "Denmark"]
[Date "2017.01.29"]
[Round "6.2"]
[White "Andreasen, Henrik"]
[Black "Borge, Nikolaj"]
[Result "0-1"]
[WhiteElo "2215"]
[BlackElo "2386"]
[PlyCount "54"]
[EventDate "2016.10.29"]
[EventType "team-tourn"]
[EventRounds "9"]
[EventCountry "DEN"]
[WhiteTeam "K41 1"]
[BlackTeam "Hillerod 1"]
[WhiteTeamCountry "DEN"]
[BlackTeamCountry "DEN"]

1. d4 c5 2. d5 e5 3. c4 d6 4. Nc3 Be7 5. e4 Bg5 6. Bd3 Bxc1 7. Rxc1 Nf6 8. Nge2
Nbd7 9. O-O h5 10. Qd2 h4 11. f3 Nh5 12. g4 hxg3 13. hxg3 Nf8 14. Rf2 Qf6 15.
Qe3 Nh7 16. f4 Qh6 17. Rh2 N7f6 18. Rh4 Bd7 19. Nd1 exf4 20. gxf4 g5 21. fxg5
Rg8 22. Kf1 Rxg5 23. Ke1 Ng4 24. Qg1 Ne5 25. Qe3 O-O-O 26. Kd2 Ng4 27. Qh3
Rxd5+ 0-1

[Event "Xtracon Skakligaen"]
[Site "Denmark"]
[Date "2017.01.29"]
[Round "6.3"]
[White "Stojanovski, Sandi"]
[Black "Schmidt, Kristen"]
[Result "0-1"]
[WhiteElo "2292"]
[BlackElo "2215"]
[PlyCount "146"]
[EventDate "2016.10.29"]
[EventType "team-tourn"]
[EventRounds "9"]
[EventCountry "DEN"]
[WhiteTeam "Hillerod 1"]
[BlackTeam "K41 1"]
[WhiteTeamCountry "DEN"]
[BlackTeamCountry "DEN"]

1. c4 Nf6 2. g3 c5 3. Bg2 Nc6 4. Nf3 g6 5. Nc3 d6 6. O-O Bg7 7. a3 O-O 8. d3
Rb8 9. Rb1 b6 10. b4 Bb7 11. e3 e5 12. b5 Ne7 13. e4 h6 14. a4 Ne8 15. Nd5 Nc7
16. h4 Ncxd5 17. cxd5 f5 18. h5 g5 19. Nd2 Bc8 20. Nc4 f4 21. g4 a5 22. bxa6
Bxa6 23. f3 b5 24. axb5 Bxb5 25. Na3 Ba6 26. Rxb8 Qxb8 27. Rf2 Qb4 28. Qd2 Rb8
29. Qxb4 Rxb4 30. Bf1 Nc8 31. Rb2 Rxb2 32. Bxb2 Bf6 33. d4 Bxf1 34. dxe5 Ba6
35. exf6 Nb6 36. Kf2 Kf7 37. Bc3 Nd7 38. Nb1 Nxf6 39. Nd2 Nd7 40. Nb3 Nb6 41.
Na5 Nc4 42. Nc6 Ne3 43. Ba5 Bd3 44. Bc7 Nc4 45. Bxd6 Bxe4 46. fxe4 Nxd6 47. Kf3
Nb5 48. e5 Ke8 49. Na5 Nc3 50. d6 Kd7 51. Nb3 Na4 52. Nd2 Ke6 53. Nc4 Nc3 54.
Nb6 Nb5 55. Ke4 Nd4 56. Nd5 f3 57. Nc7+ Kd7 58. Ke3 Nc6 59. Na6 Nxe5 60. Nxc5+
Kxd6 61. Ne4+ Ke6 62. Ng3 Nxg4+ 63. Kxf3 Nf6 64. Ke3 Ke5 65. Kf3 g4+ 66. Ke3
Nd5+ 67. Kf2 Kf4 68. Kg2 Kg5 69. Ne4+ Kh4 70. Kh2 Nf4 71. Nf6 g3+ 72. Kg1 Kh3
73. Ne4 Ne2+ 0-1